Регионална библиотека "Любен Каравелов" - Русе

Танцът на дивите воини (Запис номер 3462)

MARC детайли
000 -Лидер
Контролно поле с фиксирана дължина 01336nam a2200325 c 4500
003 - Код на организацията, давaща контролен номер
Контролно поле BLK
005 - Дата и час на последна редакция
Контролно поле 20230506024439.0
008 - Елементи от данни с фиксирана дължина
fixed length control field 180412b bul|||||r ||||||| ||bul||
010 ## - Наследен системен номер
LC control number KNG00004551000
020 ## - Международен стандартен номер на книга ISBN
Международен стандартен номер на книга ISBN 954-8735-01-6
-- издат.: Световна библ.
040 ## - Източник на каталожния запис
Идентификатор на билиотеката - собственик на записа BLK
041 ## - Код за език
Код за езика на текст/звукозапис или на отделно заглавие Български
Код за езика КДБФ Български
080 ## - УДК
Текстов определител УДК Английска литература
УДК код - определител по УДК 821.111
УДК определител -93-31
УДК - код + определител 821.111-93-31
100 1# - Редна дума - Автор
Автор Рид, Томас Майн
Дати, свързани с автора 1818-1883
R(LIN) 365222
139 ## - Редно поле
Редна дума Рид, Томас Майн
Авторски знак Рид - Р 59
245 10 - Сведения за заглавието
Заглавие Танцът на дивите воини
Подзаглавни данни Роман за юноши
Редно поле (дума) Томас Майн Рид; прев. от англ. Теодора Ненова.
250 ## - Област на изданието
Сведения за изданието 3. изд.
257 ## - Страна на издаване
Страна на създаване/издаване Великобритания
260 ## - Област на издателските данни
-- София
Име на издателя, разпространителя и проч. Световна библ.
Година на издаване 1994
300 ## - Физическа характеристика
Страници 208 с.
Размери/Мащаб 20 см
380 ## - Жанр
Жанр Худож. лит.
490 1# - СЕРИИ (Колекции)
Име на серия Поредица Приключения
500 ## - Общи забележки
Забележка 1. изд. 1929 със загл. Приключенията на Ханса Стерка на изд. Ив. Коюмджиев. - 3 000 тир.
700 1# - Други автори (авторска отговорност)
Лично име Ненова, Теодора
Автороска отговорност (Описва отношението между автора и произведението) прев. от англ.
9 (RLIN) 247323
852 ## - Местоположение
Форматна сигнатура Цб 181812
856 4# - Електронен адрес и достъп
Електронен формат pdf - файл
Път до файла /url/
856 4# - Електронен адрес и достъп
Електронен формат pdf - файл
Път до файла /url/
942 ## - АРТИКУЛИ
Вид на библиотечния материал Книги
Скрит в OPAC Не
Koha issues (borrowed), all copies 1
944 ## - СЪЗДАВАНЕ И РЕДАКЦИЯ на ЗАПИСА
Създаване/Редакция Създаване
Дата на регистрацията/редакция 15.01.2003
Статус, дата на статуса ф /
Служител, извършил регистрацията/редакцията Людмила_Стоянова
944 ## - СЪЗДАВАНЕ И РЕДАКЦИЯ на ЗАПИСА
Създаване/Редакция Редакция
Дата на регистрацията/редакция 25.02.2010
Статус, дата на статуса ф /
Служител, извършил регистрацията/редакцията Симона_Петрова
999 ## - СИСТЕМНИ КОНТРОЛНИ НОМЕРА
Koha biblionumber 3462
Koha biblioitemnumber 3462
Наличности
Код за отписване Код за изгубен артикул Източник на класификационната схема Код за повреда Коз за рестрикции Код за отдаване Артикулен № Име на библиотеката - собственик Име на библиотеката, в която се намира в момента Статус (Текущо местоположение) Дата на вписване в системата Местоположение - отдел Цена в лева Инвентарен номер Систематично азбучна сигнатура Баркод Номер на екземпляра Цена в евро Служебна бележка Служебен тип на артикула Бележка за публиката
  Не е изгубен Universal Decimal Classification Не е повреден без рестрикции ползва се в читалня 6236 Регионална библиотека "Любен Каравелов" Русе Регионална библиотека "Любен Каравелов" Русе Хранилище 1994-01-01 Хранилище 1.00 607323 Цб 181812 120000607323 1 0.51 Дост: Dp Вид: Д N: стар фонд Дата: 01.01.1994 Дата инв: 13.01.2015 Бележки инв: Цб2015 Книги  
Изтеглен Не е изгубен   Не е повреден без рестрикции заемане за дома 6237 Регионална библиотека "Любен Каравелов" Русе Регионална библиотека "Любен Каравелов" Русе   1994-01-01 Детски отдел 1.00 606707 ДХ 820/899/Р 59 606707 2 0.51 Дост: Pk Вид: Ф N: стар фонд Дата: 01.01.1994 Дата инв: 14.09.2015 Бележки инв: Д2015 Книги Отч.N: 48/17 , Дата: 06.10.2017
  Не е изгубен Universal Decimal Classification Не е повреден без рестрикции заемане за дома 6238 Регионална библиотека "Любен Каравелов" Русе Регионална библиотека "Любен Каравелов" Русе Детски отдел 1994-01-01 Детски отдел 1.00 606708 ДХ 820/899/Р 59 120000606708 3 0.51 Дост: Pk Вид: Ф N: стар фонд Дата: 01.01.1994 Дата инв: 14.09.2015 Бележки инв: Д2015 Книги  
Изтеглен Не е изгубен   Не е повреден без рестрикции заемане за дома 6239 Регионална библиотека "Любен Каравелов" Русе Регионална библиотека "Любен Каравелов" Русе   1994-01-01 Детски отдел 1.00 606709 ДХ 820/899/Р 59 606709 4 0.51 Дост: Pk Вид: Ф N: стар фонд Дата: 01.01.1994 Дата инв: 14.09.2015 Бележки инв: Д2015 Книги Отч.N: 48/17 , Дата: 06.10.2017
Vip Innovations Ltd, Rousse, Bulgaria 2025